| 000 | 00561nam a2200205Ia 4500 | ||
|---|---|---|---|
| 008 | 190614s9999||||xx |||||||||||||| ||und|| | ||
| 020 | _a9788498357912 | ||
| 040 | _aUNAAT | ||
| 041 | _aspa | ||
| 050 | _aRG951 E55 | ||
| 100 | _aFernández González María Reyes | ||
| 245 | 0 | _aEnfermería quirúrgica en obstetricia : manuel práctico | |
| 250 | _a1ra. Ed. | ||
| 260 |
_aMadrid _bEditorial Médica Panamericana |
||
| 260 | _c2014 | ||
| 300 | _a219 | ||
| 650 | _aENFERMERÍA DE MATERNIDAD | ||
| 650 | _aENFERMERÍA QUIRÚRGICA | ||
| 942 |
_2lcc _cBKS _zGAZ |
||
| 999 |
_c2793 _d2793 |
||